000 00736nam a2200217 i 4500
001 82757
003 ES-MaACL
005 20240527195143.0
007 t|
008 041111m19541966sp ||||1| spa d
100 1 _aIdoate, Florencio.
_965049
245 1 0 _aRincones de la historia de Navarra /
_cpor Florencio Idoate.
260 _aPamplona :
_b[s.n.,
_c1954-1966]
300 _a2 v. ;
_c24 cm.
500 _aSon los v. 1 y 3.
500 _aPrecede al tít.: Diputación Foral de Navarra. Institución Príncipe de Viana.
710 1 _aNavarra (Comunidad Autónoma).
_bDiputación Foral.
_95984
710 2 _aInstitución Príncipe de Viana
_94730
852 _aES-MaACL
_jC-2397-8
_bR.36023
999 _c82757
_d82757